Trend špeciál financie

Banky. Poisťovne. Lízing. Podielové fondy. Kapitálový trh. Komodity.

Saved in:
Bibliographic Details
Format: Book Chapter
Language:Slovak
Subjects:
Tags: Add Tag
No Tags, Be the first to tag this record!

MARC

LEADER 00000naa$a2200000$$$4500
001 0034854
005 20231009081906.0
041 0 |a slo 
044 |a SK 
245 1 0 |a Trend špeciál  |b financie 
520 |a Banky. Poisťovne. Lízing. Podielové fondy. Kapitálový trh. Komodity. 
610 2 0 |a banky 
610 2 0 |a poisťovne 
610 2 0 |a lízing 
610 2 0 |a fondy podielové 
610 2 0 |a trh kapitálový 
610 2 0 |a komodity